| 000 | 00595nam a2200217Ia 4500 | ||
|---|---|---|---|
| 003 | OSt | ||
| 005 | 20220923230856.0 | ||
| 006 | a|||||r|||| 00| 0 | ||
| 007 | ta | ||
| 008 | Pun | ||
| 024 | _a306,216 | ||
| 037 | _cTextual | ||
| 040 |
_aARTS _cARTS _bPun |
||
| 041 |
_2Pun _aPun |
||
| 082 | _aP153,4, L4 | ||
| 100 | _aਕੋਹਲੀ, ਸੁਰਿੰਦਰ ਸਿੰਘ, ਥਦ. | ||
| 245 | 0 | _aਪੰਜਾਬੀ ਅਖਾਣ - ਕੋF | |
| 260 | _c1974 | ||
| 942 |
_hP153,4, L4 _cTEXL _2CC |
||
| 999 |
_c388003 _d388003 |
||